| 000 | 00874nas a2200289 4500 | ||
|---|---|---|---|
| 001 | BR0200234 | ||
| 003 | BR-BrBNA | ||
| 005 | 20231205102626.0 | ||
| 007 | ta | ||
| 008 | 230509b bl.|||p| |||| 00| 00por d | ||
| 040 |
_aBR-BrBNA _bpor _cBiblioteca Nacional de Agricultura |
||
| 041 | _a(Pt) | ||
| 072 | _aL01 | ||
| 100 | 1 | _aVilela, D. | |
| 245 | 1 | _aProdução de leite em pastagem de alfafa | |
| 650 | _aALFAFA | ||
| 650 | _aPASTAGEM | ||
| 650 | _aPRODUÇÃO LEITEIRA | ||
| 650 | _aMATÉRIA SECA | ||
| 650 | _aPROTEÍNA BRUTA | ||
| 650 | _aDIGESTIBILIDADE IN VITRO | ||
| 650 | _aPERFORMANCE | ||
| 650 | _aCUSTO OPERACIONAL | ||
| 773 | 0 |
_tInforme Agropecuário - Empresa de Pesquisa Agropecuária de Minas Gerais (Brazil) _xISSN 0100-3364 _g(Mar-Apr 2001), v. 22(209) p. 38-43 _wBR0200234 |
|
| 909 |
_a202311 _bLúcia _c55 _dLúcia Elande |
||
| 942 |
_2AGRIS _n0 _cANA |
||
| 999 |
_c168513 _d168513 |
||